Para defendernos : (Record no. 12416)

000 -CABECERA
fixed length control field 00877nam a22002177a 4500
003 - IDENTIFICADOR DEL NÚMERO DE CONTROL
control field AR-CdUCM
008 - DATOS DE LONGITUD FIJA--INFORMACIÓN GENERAL
fixed length control field 190408b ||||| |||| 00| 0 spa d
040 ## - FUENTE DE LA CATALOGACIÓN
Agencia/entidad que catalogó originalmente la obra MUNICIPALIDAD PROVINCIAL DEL CUSCO
Entidad que transcribió la catalogación BIBLIOTECA MUNICIPAL DEL CUSCO
082 ## - NÚMERO DE LA CLASIFICACIÓN DECIMAL DEWEY
No. de Clasificación 305.800 /
Notacion interna I77 / 2005
100 ## - ENTRADA PRINCIPAL--NOMBRE DE PERSONA
Nombre Personal Isbell, Billie Jean.
245 ## - MENCIÓN DE TÍTULO
Título Para defendernos :
Resto del título ecología y ritual en un pueblo andino /
260 ## - PUBLICACIÓN, DISTRIBUCIÓN, ETC.
Lugar de publicación, distribución, etc. Cuzco :
Nombre de la editorial, distribuidor, etc. Centro de Estudios Regionales Andinos Bartolomé de Las Casas,
Fecha de publicación, distribución, etc. 2005.
300 ## - DESCRIPCIÓN FÍSICA
Nº de Páginas Extensión 335 páginas ;
Otros detalles físicos Fotografías,
Dimensiones 23 cm.
440 ## - MENCIÓN DE SERIE/PUNTO DE ACCESO ADICIONAL--TÍTULO
Título Antropología
Número de la parte/sección de una obra 06
9 (RLIN) 30263
505 ## - NOTA DE CONTENIDO CON FORMATO
Nota de contenido formateada Contenido: Introducción -- La comunidad en el contexto de una nacion cambiante -- Las clases sociales de Chuschi -- La estructura política...
650 ## - PUNTO DE ACCESO ADICIONAL DE MATERIA--TÉRMINO DE MATERIA
Descriptor Chuschi
9 (RLIN) 30264
650 ## - PUNTO DE ACCESO ADICIONAL DE MATERIA--TÉRMINO DE MATERIA
Descriptor Terrorismo
9 (RLIN) 1688
650 ## - PUNTO DE ACCESO ADICIONAL DE MATERIA--TÉRMINO DE MATERIA
Descriptor Ayacucho
9 (RLIN) 3896
942 ## - ELEMENTOS DE PUNTO DE ACCESO ADICIONAL (KOHA)
Fuente de clasificación
Tipo de item Libros-BMC
945 ## - PROCESAMIENTO DE INFORMACIÓN LOCAL (OCLC)
Catalogador davv
AAAA-MM-DD - Fecha de ingreso o modificacion 08/04/2019
Holdings
Estado de retiro (separado) Fuente de clasificación o esquema de estanterías Estado dañado Ubicación Sala donde se ubica Nombre de la colección Fecha de adquisición o compra Costo, precio normal en soles Signatura topográfica Código de Barras Última vez visto (Koha) Tipo de ítem (Koha) Número de Ejemplar
No     Sala Cusco Antiguo Sala Cusco Antiguo Book Cart 2019-04-08 50.00 305.800 / I77 / 2005 SCA0002204 2019-04-08 Libros-BMC  
No     Sala Cusco Antiguo Sala Cusco Antiguo Book Cart 2019-04-08 50.00 305.800 / I77 / 2005 / e.2 SCA0002205 2019-04-08 Libros-BMC e.2

Powered by Koha